Boswell`s Life of Johnson / (Record no. 569)
[ view plain ]
| 000 -LEADER | |
|---|---|
| fixed length control field | 00262cam a2200109ua 4500 |
| 082 ## - DEWEY DECIMAL CLASSIFICATION NUMBER | |
| Classification number | 924.2 |
| Item number | BOS |
| 100 ## - MAIN ENTRY--AUTHOR NAME | |
| Personal name | Boswell, . |
| 245 ## - TITLE STATEMENT | |
| Title | Boswell`s Life of Johnson / |
| 260 ## - PUBLICATION, DISTRIBUTION, ETC. (IMPRINT) | |
| Place of publication | London : |
| Name of publisher | Oxford University Press , |
| Year of publication | 1961. |
| 300 ## - PHYSICAL DESCRIPTION | |
| Number of Pages | 1491 ; . |
| 942 ## - ADDED ENTRY ELEMENTS (KOHA) | |
| Koha item type | Books |
| Withdrawn status | Lost status | Damaged status | Home library | Current library | Date acquired | Full call number | Accession Number | Koha item type |
|---|---|---|---|---|---|---|---|---|
| Withdrawn | KAUAET | Malayalam University | 07/04/2012 | 924.2 | 5257 | Books | ||
| Withdrawn | KAUAET | Sanskrit University | 07/04/2012 | 924.2 | 5037 | Books |
